Dickens Characters by Novel - Statistics

General Stats
  • This quiz has been taken 7 times
  • The average score is 2 of 31
Answer Stats
Hint Answer % Correct
Pickwick Papers Nathaniel Winkle
50%
Pickwick Papers Dr Slammer
25%
Nicholas Nickleby Ralph Nickelby, Kate Nickelby, Mrs Kate Nickelby
25%
Pickwick Papers Samuel Pickwick
25%
Nicholas Nickleby Wackford Squeers
25%
Pickwick Papers Alfred Jingle
0%
Nicholas Nickleby Arthur Gride
0%
Pickwick Papers Augustus Snograss
0%
Pickwick Papers Colonel and Mrs Bulder
0%
Pickwick Papers Dy Payne
0%
Nicholas Nickleby Frederick Verisopht
0%
Pickwick Papers Jem Huntley
0%
Nicholas Nickleby John Browdie, Tilda Price (Browdie)
0%
Pickwick Papers Lieutenant Tappleton
0%
Nicholas Nickleby Madame Mantalini
0%
Nicholas Nickleby Miss La Creevy
0%
Pickwick Papers Mr Blotton
0%
Pickwick Papers Mr Slurk
0%
Nicholas Nickleby Mr Snawley, Miss Knag
0%
Pickwick Papers Mr Trundle, Mr Miller
0%
Pickwick Papers Mr Wardle, Emily and Rachael Wardle
0%
Nicholas Nickleby Mulberry Hawk
0%
Nicholas Nickleby Newman Noggs
0%
Nicholas Nickleby Nicholas Nickleby
0%
Pickwick Papers Sam Weller
0%
Pickwick Papers Sir Thomas Clubber
0%
Nicholas Nickleby Smike
0%
Pickwick Papers The Bardells
0%
Pickwick Papers The Potts
0%
Pickwick Papers Tracey Tupman
0%
Nicholas Nickleby Vincent Crummles
0%
No matching quizzes found
Score Distribution
Percent of People with Each Score
Percentile by Number Answered
Your Score History
You have not taken this quiz